Duck keeping in the tropics (Record no. 40523)

MARC details
000 -LEADER
fixed length control field 00831nam a2200229 a 4500
008 - FIXED-LENGTH DATA ELEMENTS--GENERAL INFORMATION
fixed length control field 090114s1999 ||||||||||||||||| || u
020 ## - INTERNATIONAL STANDARD BOOK NUMBER
International Standard Book Number 9072746864
050 ## - LIBRARY OF CONGRESS CALL NUMBER
Classification number CTA(08)AGR
100 ## - MAIN ENTRY--PERSONAL NAME
Personal name Dikken, G. den
245 10 - TITLE STATEMENT
Title Duck keeping in the tropics
Statement of responsibility, etc. S.J van der Meulen, G den Dikken; illustrations by Barbera van Oranje
260 ## - PUBLICATION, DISTRIBUTION, ETC.
Place of publication, distribution, etc. Wageningen, Netherlands
Name of publisher, distributor, etc. CTA
Date of publication, distribution, etc. 1999
300 ## - PHYSICAL DESCRIPTION
Extent 78p.: ill.
350 ## - PRICE (NR) (BK AM CF MU VM SE) [OBSOLETE]
Price 0.00
490 ## - SERIES STATEMENT
Series statement AGRODOK
500 ## - GENERAL NOTE
General note Agrodok-series No. 33
650 ## - SUBJECT ADDED ENTRY--TOPICAL TERM
Topical term or geographic name entry element DUCKS
650 ## - SUBJECT ADDED ENTRY--TOPICAL TERM
Topical term or geographic name entry element POULTRY
700 ## - ADDED ENTRY--PERSONAL NAME
Personal name Meulen, S. J. van der
710 ## - ADDED ENTRY--CORPORATE NAME
Corporate name or jurisdiction name as entry element Agromisa Foundation
710 ## - ADDED ENTRY--CORPORATE NAME
Corporate name or jurisdiction name as entry element Technical Centre for Agricultural and Rural Cooperation (CTA)
995 ## - RECOMMENDATION 995 [LOCAL, UNIMARC FRANCE]
-- 0.00
-- CBU-MAIN LIBRARY (Kitwe)
-- 1
-- 0.00
-- 1
-- AVAILABLE
-- Mar 15, 2010
-- International Publications
Holdings
Withdrawn status Lost status Source of classification or shelving scheme Damaged status Not for loan Home library Current library Shelving location Date acquired Total Checkouts Full call number Barcode Date last seen Price effective from Koha item type
          CBU-MAIN LIBRARY, KITWE. CBU-MAIN LIBRARY, KITWE.   11/30/2022   CTA(08)AGR 739618 11/30/2022 11/30/2022 MONOGRAPH